000 00562nam a2200169Ia 4500
005 20250508155642.0
008 008 250505s9999 xx 000 0 eng d
037 _aBooks to be hide in OPAC
040 _aFEDL
_beng
_cFEDL
041 _aeng
_2eng
084 _a371.425, IND/O
_qFEDL
245 0 _aReport of the working group on vocationalisation of education and work experience
260 _aNew Delhi, India
_bGovernment of India Planning Commission
_c1968
300 _aii,80p.
942 _cHB
_h371.425, IND/O
999 _c1358525
_d1358525